Loading...
| Fine Arts - Classical Music | 8 | 10.00 | 63% | 25% | 13% |
| Fine Arts - Other Fine Arts | 3 | 10.00 | 100% | 0% | 0% |
| Fine Arts - Visual Fine Arts | 3 | 13.33 | 100% | 0% | 33% |
| Geography/Current Events | 2 | 30.00 | 100% | 100% | 100% |
| History - American History | 7 | 14.29 | 100% | 29% | 14% |
| History - European History | 7 | 15.71 | 86% | 57% | 14% |
| History - Other History | 7 | 15.71 | 100% | 57% | 0% |
| History - World History | 4 | 22.50 | 100% | 100% | 25% |
| Literature - American Literature | 4 | 15.00 | 100% | 50% | 0% |
| Literature - British Literature | 6 | 11.67 | 83% | 33% | 0% |
| Literature - European Literature | 5 | 16.00 | 100% | 40% | 20% |
| Literature - World/Other Literature | 4 | 12.50 | 100% | 25% | 0% |
| Mythology | 7 | 17.14 | 86% | 57% | 29% |
| Other Academic | 2 | 15.00 | 100% | 50% | 0% |
| Philosophy | 6 | 11.67 | 83% | 33% | 0% |
| Pop Culture | 1 | 20.00 | 100% | 100% | 0% |
| Religion | 3 | 10.00 | 67% | 33% | 0% |
| Science - Biology | 1 | 20.00 | 100% | 100% | 0% |
| Science - Chemistry | 4 | 7.50 | 50% | 0% | 25% |
| Science - Other Science | 6 | 13.33 | 100% | 17% | 17% |
| Science - Physics | 8 | 11.25 | 88% | 25% | 0% |
| Social Science | 5 | 12.00 | 100% | 0% | 20% |
| World/Other Literature> | 1 | 10.00 | 100% | 0% | 0% |